1281 1070 1763 1913 1428 1850 1039 1809 1383 1609 1867 1906 1496 1644 1073 1252 1464 1522 1986 1379 1852 1546 1926 1349 1174 1515 1892 1577 1216 1316 1822 1645 1892 1512 1601 1290 1120 1343 1191 1354 1651 1408 1288 1931 1206 1795 1816 1313 1607 1585 1716 1661 1711 1882 1697 1268 1104 1891 1662 1898 1067 1896 1132 1591 1034 1948 1050 1586 1612 1664 1704 1655 1609 1200 1366 1139 1790 1317 1244 1662 1083 1028 1216 1896 1082 1136 1493 1593 1337 1373 1892 1136 1547 1604 1362 1068 1875 1580 1711 BCNSPRNW ULIB Ver.6.0+V

เปลี่ยนเป็นภาษาไทย

Change to English
 แสดงรายละเอียดบรรณานุกรม
  กลับหน้าหลัก

Brief Record : Get Marc (ISO 2709) : E-mail record : QR code < ปิดหน้าต่าง
LEADER : 00000nam 2200000uu 4500
001    13399120210
003     ULIB
008    070306s2548 th a 000 0 tha d
020    ^a9745063894
050  4 ^aGV567^bศ337 2548
245 00 ^aศัพท์วิทยาศาสตร์การกีฬาและกายภาพบำบัดสำหรับนักกีฬานักวิทยาศาสตร์การกีฬา นักกายภาพบำบัด บุลากรสาธารณสุขแพทย์และพยาบาล=^bVocabulary in sport science and physicaltherapy /^c[บรรณาธิการ] วรุณวรรณ ผาโคตร, สิรินาถ นุชนาถ,ธาดา วิมลวัตรเวที
250    ^aพิมพ์ครั้งที่ 1
260    ^aกรุงเทพฯ ^bเค.เอส.พี.การพิมพ์,^c2548
300    ^aก-ช, 386 หน้า :^bภาพประกอบ
500    ^aชื่อเรื่องจากปกนอก
650  4 ^aวิทยาศาสตร์การกีฬา^xคำศัพท์
650  4 ^aกายภาพบำบัด^xคำศัพท์
650  4 ^aกีฬา^xคำศัพท์
650  4 ^aพจนานุกรม^xคำศัพท์
700 0  ^aวรุณวรรณ ผาโคตร,^eบรรณาธิการ
700 0  ^aสิรินาถ นุชนาถ,^eบรรณาธิการ
700 0  ^aธาดา วิมลวัตรเวที^eบรรณาธิการ
945    ^p199^l0^i19525
995    ^aกัณชพร
999    ^aทศพร เกษรทอง
รายการนี้ยังไม่มีแท็ก
คุณยังไม่ได้ล็อกอิน คุณสามารถมีกิจกรรมร่วมกับเว็บไซต์ได้ แต่ต้องล็อกอินก่อน ::
  ล็อกอิน

รายการสื่อสารสนเทศ

ลำดับที่ ประเภท เลขเรียก/บาร์โค้ด สถานที่ สถานะ
1. วิทยาศาสตร์การแพทย์ และสุขภาพ
วิทยาศาสตร์การแพทย์ และสุขภาพ
GV567 ศ337 2548  
  Barcode: 19525
ห้องสมุดวิทยาเขตสวรรค์ประชารักษ์
►หนังสือทั่วไป
บนชั้น

BibComment


ยังไม่เคยถูกคอมเมนท์

คอมเมนท์ทรัพยากรรายการนี้
  คอมเมนท์: ศัพท์วิทยาศาสตร์..


 Copyright 2026. Bcnsprnw @Library